<?xml version="1.0" encoding="UTF-8"?>
<collection xmlns="http://www.loc.gov/MARC21/slim">
 <record>
  <leader>05893nas a22007331  4500</leader>
  <controlfield tag="001">1/50220</controlfield>
  <controlfield tag="008">020122c19729999fluqr1p           a0eng d</controlfield>
  <datafield tag="022" ind1=" " ind2=" ">
   <subfield code="a">0046-3892</subfield>
  </datafield>
  <datafield tag="035" ind1=" " ind2=" ">
   <subfield code="l">23329</subfield>
  </datafield>
  <datafield tag="040" ind1=" " ind2=" ">
   <subfield code="a">DLC</subfield>
   <subfield code="b">GR-PeUP</subfield>
  </datafield>
  <datafield tag="090" ind1=" " ind2=" ">
   <subfield code="a">Αλφαβητική σειρά</subfield>
  </datafield>
  <datafield tag="245" ind1="0" ind2="0">
   <subfield code="a">Financial Management</subfield>
  </datafield>
  <datafield tag="260" ind1=" " ind2=" ">
   <subfield code="a">Tampa, Fla. [etc.] :</subfield>
   <subfield code="b">Financial Management Association,</subfield>
   <subfield code="c">1972-</subfield>
  </datafield>
  <datafield tag="300" ind1=" " ind2=" ">
   <subfield code="a">v. :</subfield>
   <subfield code="b">ill. ;</subfield>
   <subfield code="c">28 cm.</subfield>
  </datafield>
  <datafield tag="310" ind1=" " ind2=" ">
   <subfield code="a">Quarterly</subfield>
  </datafield>
  <datafield tag="362" ind1="0" ind2=" ">
   <subfield code="a">Vol.17, no.2(April 1988)-v.22, no.3(July 1993)</subfield>
  </datafield>
  <datafield tag="362" ind1="0" ind2=" ">
   <subfield code="a">Vol.27, no.1(March 1998)-v.28, no.4(Nov. 1999)</subfield>
  </datafield>
  <datafield tag="362" ind1="0" ind2=" ">
   <subfield code="a">Vol.31, no.1(Spring 2002)-</subfield>
  </datafield>
  <datafield tag="362" ind1="0" ind2=" ">
   <subfield code="a">Vol.32, no.3(Autumn 2003)-</subfield>
  </datafield>
  <datafield tag="500" ind1=" " ind2=" ">
   <subfield code="a">English</subfield>
  </datafield>
  <datafield tag="650" ind1=" " ind2="4">
   <subfield code="a">Corporations</subfield>
   <subfield code="x">Finance</subfield>
   <subfield code="v">Periodicals.</subfield>
  </datafield>
  <datafield tag="710" ind1="2" ind2=" ">
   <subfield code="a">Financial Management Association.</subfield>
  </datafield>
  <datafield tag="852" ind1=" " ind2=" ">
   <subfield code="a">INST</subfield>
   <subfield code="b">UNIPILB</subfield>
   <subfield code="c">SERIALS</subfield>
   <subfield code="e">20050209</subfield>
   <subfield code="h">Αλφαβητική σειρά</subfield>
   <subfield code="p">39844</subfield>
   <subfield code="q">39844</subfield>
   <subfield code="t">NOLOAN</subfield>
   <subfield code="v">vol.31;no.1:(Εποχή)Spring;(Έτος)2002</subfield>
   <subfield code="y">23</subfield>
  </datafield>
  <datafield tag="852" ind1=" " ind2=" ">
   <subfield code="a">INST</subfield>
   <subfield code="b">UNIPILB</subfield>
   <subfield code="c">SERIALS</subfield>
   <subfield code="e">20050209</subfield>
   <subfield code="h">Αλφαβητική σειρά</subfield>
   <subfield code="p">39845</subfield>
   <subfield code="q">39845</subfield>
   <subfield code="t">NOLOAN</subfield>
   <subfield code="v">vol.31;no.2:(Εποχή)Summer;(Έτος)2002</subfield>
   <subfield code="y">23</subfield>
  </datafield>
  <datafield tag="852" ind1=" " ind2=" ">
   <subfield code="a">INST</subfield>
   <subfield code="b">UNIPILB</subfield>
   <subfield code="c">SERIALS</subfield>
   <subfield code="e">20050209</subfield>
   <subfield code="h">Αλφαβητική σειρά</subfield>
   <subfield code="p">39847</subfield>
   <subfield code="q">39847</subfield>
   <subfield code="t">NOLOAN</subfield>
   <subfield code="v">vol.31;no.3:(Εποχή)Fall;(Έτος)2002</subfield>
   <subfield code="y">23</subfield>
  </datafield>
  <datafield tag="852" ind1=" " ind2=" ">
   <subfield code="a">INST</subfield>
   <subfield code="b">UNIPILB</subfield>
   <subfield code="c">SERIALS</subfield>
   <subfield code="e">20050209</subfield>
   <subfield code="h">Αλφαβητική σειρά</subfield>
   <subfield code="p">39848</subfield>
   <subfield code="q">39848</subfield>
   <subfield code="t">NOLOAN</subfield>
   <subfield code="v">vol.32;no.1:(Εποχή)Spring;(Έτος)2003</subfield>
   <subfield code="y">23</subfield>
  </datafield>
  <datafield tag="852" ind1=" " ind2=" ">
   <subfield code="a">INST</subfield>
   <subfield code="b">UNIPILB</subfield>
   <subfield code="c">SERIALS</subfield>
   <subfield code="e">20050209</subfield>
   <subfield code="h">Αλφαβητική σειρά</subfield>
   <subfield code="p">39849</subfield>
   <subfield code="q">39849</subfield>
   <subfield code="t">NOLOAN</subfield>
   <subfield code="v">vol.32;no.2:(Εποχή)Summer;(Έτος)2003</subfield>
   <subfield code="y">23</subfield>
  </datafield>
  <datafield tag="852" ind1=" " ind2=" ">
   <subfield code="a">INST</subfield>
   <subfield code="b">UNIPILB</subfield>
   <subfield code="c">SERIALS</subfield>
   <subfield code="e">20050209</subfield>
   <subfield code="h">Αλφαβητική σειρά</subfield>
   <subfield code="p">39850</subfield>
   <subfield code="q">39850</subfield>
   <subfield code="t">NOLOAN</subfield>
   <subfield code="v">vol.32;no.3:(Εποχή)Fall;(Έτος)2003</subfield>
   <subfield code="y">23</subfield>
  </datafield>
  <datafield tag="852" ind1=" " ind2=" ">
   <subfield code="a">INST</subfield>
   <subfield code="b">UNIPILB</subfield>
   <subfield code="c">SERIALS</subfield>
   <subfield code="e">20050209</subfield>
   <subfield code="h">Αλφαβητική σειρά</subfield>
   <subfield code="p">39851</subfield>
   <subfield code="q">39851</subfield>
   <subfield code="t">NOLOAN</subfield>
   <subfield code="v">vol.32;no.4:(Εποχή)Winter;(Έτος)2003</subfield>
   <subfield code="y">23</subfield>
  </datafield>
  <datafield tag="852" ind1=" " ind2=" ">
   <subfield code="a">INST</subfield>
   <subfield code="b">UNIPILB</subfield>
   <subfield code="c">SERIALS</subfield>
   <subfield code="e">20050311</subfield>
   <subfield code="h">Αλφαβητική σειρά</subfield>
   <subfield code="p">41154</subfield>
   <subfield code="q">41154</subfield>
   <subfield code="t">NOLOAN</subfield>
   <subfield code="v">vol.31;no.4:(Εποχή)Winter;(Έτος)2002</subfield>
   <subfield code="y">23</subfield>
  </datafield>
  <datafield tag="852" ind1=" " ind2=" ">
   <subfield code="a">INST</subfield>
   <subfield code="b">UNIPILB</subfield>
   <subfield code="c">SERIALS</subfield>
   <subfield code="e">20050405</subfield>
   <subfield code="h">Αλφαβητική σειρά</subfield>
   <subfield code="p">42075</subfield>
   <subfield code="q">42075</subfield>
   <subfield code="t">NOLOAN</subfield>
   <subfield code="v">vol.33;no.1:(Εποχή)Spring;(Έτος)2004</subfield>
   <subfield code="y">23</subfield>
  </datafield>
  <datafield tag="852" ind1=" " ind2=" ">
   <subfield code="a">INST</subfield>
   <subfield code="b">UNIPILB</subfield>
   <subfield code="c">SERIALS</subfield>
   <subfield code="e">20050405</subfield>
   <subfield code="h">Αλφαβητική σειρά</subfield>
   <subfield code="p">42076</subfield>
   <subfield code="q">42076</subfield>
   <subfield code="t">NOLOAN</subfield>
   <subfield code="v">vol.33;no.2:(Εποχή)Summer;(Έτος)2004</subfield>
   <subfield code="y">23</subfield>
  </datafield>
  <datafield tag="852" ind1=" " ind2=" ">
   <subfield code="a">INST</subfield>
   <subfield code="b">UNIPILB</subfield>
   <subfield code="c">SERIALS</subfield>
   <subfield code="e">20050405</subfield>
   <subfield code="h">Αλφαβητική σειρά</subfield>
   <subfield code="p">42077</subfield>
   <subfield code="q">42077</subfield>
   <subfield code="t">NOLOAN</subfield>
   <subfield code="v">vol.33;no.3:(Εποχή)Fall;(Έτος)2004</subfield>
   <subfield code="y">23</subfield>
  </datafield>
  <datafield tag="852" ind1=" " ind2=" ">
   <subfield code="a">INST</subfield>
   <subfield code="b">UNIPILB</subfield>
   <subfield code="c">SERIALS</subfield>
   <subfield code="e">20051019</subfield>
   <subfield code="h">Αλφαβητική σειρά</subfield>
   <subfield code="p">47747</subfield>
   <subfield code="q">47747</subfield>
   <subfield code="t">NOLOAN</subfield>
   <subfield code="v">vol.33;no.4:(Εποχή)Winter;(Έτος)2004</subfield>
   <subfield code="y">23</subfield>
  </datafield>
  <datafield tag="852" ind1=" " ind2=" ">
   <subfield code="a">INST</subfield>
   <subfield code="b">UNIPILB</subfield>
   <subfield code="c">SERIALS</subfield>
   <subfield code="e">20060120</subfield>
   <subfield code="h">Αλφαβητική σειρά</subfield>
   <subfield code="p">49716</subfield>
   <subfield code="q">49716</subfield>
   <subfield code="t">NOLOAN</subfield>
   <subfield code="v">vol.34;no.1:(Εποχή)Spring;(Έτος)2005</subfield>
   <subfield code="y">23</subfield>
  </datafield>
  <datafield tag="852" ind1=" " ind2=" ">
   <subfield code="a">INST</subfield>
   <subfield code="b">UNIPILB</subfield>
   <subfield code="c">SERIALS</subfield>
   <subfield code="e">20060120</subfield>
   <subfield code="h">Αλφαβητική σειρά</subfield>
   <subfield code="p">49717</subfield>
   <subfield code="q">49717</subfield>
   <subfield code="t">NOLOAN</subfield>
   <subfield code="v">vol.34;no.2:(Εποχή)Summer;(Έτος)2005</subfield>
   <subfield code="y">23</subfield>
  </datafield>
  <datafield tag="852" ind1=" " ind2=" ">
   <subfield code="a">INST</subfield>
   <subfield code="b">UNIPILB</subfield>
   <subfield code="c">SERIALS</subfield>
   <subfield code="e">20060120</subfield>
   <subfield code="h">Αλφαβητική σειρά</subfield>
   <subfield code="p">49718</subfield>
   <subfield code="q">49718</subfield>
   <subfield code="t">NOLOAN</subfield>
   <subfield code="v">vol.34;no.3:(Εποχή)Fall;(Έτος)2005</subfield>
   <subfield code="y">23</subfield>
  </datafield>
  <datafield tag="852" ind1=" " ind2=" ">
   <subfield code="a">INST</subfield>
   <subfield code="b">UNIPILB</subfield>
   <subfield code="c">SERIALS</subfield>
   <subfield code="e">20060518</subfield>
   <subfield code="h">Αλφαβητική σειρά</subfield>
   <subfield code="p">51594</subfield>
   <subfield code="q">51594</subfield>
   <subfield code="t">NOLOAN</subfield>
   <subfield code="v">vol.34;no.4:(Εποχή)Winter;(Έτος)2005</subfield>
   <subfield code="y">23</subfield>
  </datafield>
  <datafield tag="852" ind1=" " ind2=" ">
   <subfield code="a">INST</subfield>
   <subfield code="b">UNIPILB</subfield>
   <subfield code="c">SERIALS</subfield>
   <subfield code="e">20070919</subfield>
   <subfield code="h">Αλφαβητική σειρά</subfield>
   <subfield code="p">57311</subfield>
   <subfield code="q">57311</subfield>
   <subfield code="t">NOLOAN</subfield>
   <subfield code="v">vol.35;no.1:(Εποχή)Spring;(Έτος)2006</subfield>
   <subfield code="y">23</subfield>
  </datafield>
  <datafield tag="852" ind1=" " ind2=" ">
   <subfield code="a">INST</subfield>
   <subfield code="b">UNIPILB</subfield>
   <subfield code="c">SERIALS</subfield>
   <subfield code="e">20070919</subfield>
   <subfield code="h">Αλφαβητική σειρά</subfield>
   <subfield code="p">57312</subfield>
   <subfield code="q">57312</subfield>
   <subfield code="t">NOLOAN</subfield>
   <subfield code="v">vol.35;no.2:(Εποχή)Summer;(Έτος)2006</subfield>
   <subfield code="y">23</subfield>
  </datafield>
  <datafield tag="852" ind1=" " ind2=" ">
   <subfield code="a">INST</subfield>
   <subfield code="b">UNIPILB</subfield>
   <subfield code="c">SERIALS</subfield>
   <subfield code="e">20070919</subfield>
   <subfield code="h">Αλφαβητική σειρά</subfield>
   <subfield code="p">57313</subfield>
   <subfield code="q">57313</subfield>
   <subfield code="t">NOLOAN</subfield>
   <subfield code="v">vol.35;no.3:(Εποχή)Fall;(Έτος)2006</subfield>
   <subfield code="y">23</subfield>
  </datafield>
  <datafield tag="852" ind1=" " ind2=" ">
   <subfield code="a">INST</subfield>
   <subfield code="b">UNIPILB</subfield>
   <subfield code="c">SERIALS</subfield>
   <subfield code="e">20070919</subfield>
   <subfield code="h">Αλφαβητική σειρά</subfield>
   <subfield code="p">57314</subfield>
   <subfield code="q">57314</subfield>
   <subfield code="t">NOLOAN</subfield>
   <subfield code="v">vol.35;no.4:(Εποχή)Winter;(Έτος)2006</subfield>
   <subfield code="y">23</subfield>
  </datafield>
  <datafield tag="852" ind1=" " ind2=" ">
   <subfield code="a">INST</subfield>
   <subfield code="b">UNIPILB</subfield>
   <subfield code="c">SERIALS</subfield>
   <subfield code="e">20070919</subfield>
   <subfield code="h">Αλφαβητική σειρά</subfield>
   <subfield code="p">57371</subfield>
   <subfield code="q">57371</subfield>
   <subfield code="t">NOLOAN</subfield>
   <subfield code="v">vol.36;no.1:(Εποχή)Spring;(Έτος)2007</subfield>
   <subfield code="y">23</subfield>
  </datafield>
  <datafield tag="852" ind1=" " ind2=" ">
   <subfield code="a">INST</subfield>
   <subfield code="b">UNIPILB</subfield>
   <subfield code="c">SERIALS</subfield>
   <subfield code="e">20071129</subfield>
   <subfield code="h">Αλφαβητική σειρά</subfield>
   <subfield code="p">58638</subfield>
   <subfield code="q">58638</subfield>
   <subfield code="t">NOLOAN</subfield>
   <subfield code="v">vol.36;no.2:(Εποχή)Summer;(Έτος)2007</subfield>
   <subfield code="y">23</subfield>
  </datafield>
  <datafield tag="852" ind1=" " ind2=" ">
   <subfield code="a">INST</subfield>
   <subfield code="b">UNIPILB</subfield>
   <subfield code="c">SERIALS</subfield>
   <subfield code="e">20080110</subfield>
   <subfield code="h">Αλφαβητική σειρά</subfield>
   <subfield code="p">59392</subfield>
   <subfield code="q">59392</subfield>
   <subfield code="t">NOLOAN</subfield>
   <subfield code="v">vol.36;no.3:(Εποχή)Fall;(Έτος)2007</subfield>
   <subfield code="y">23</subfield>
  </datafield>
  <datafield tag="852" ind1=" " ind2=" ">
   <subfield code="a">INST</subfield>
   <subfield code="b">UNIPILB</subfield>
   <subfield code="c">SERIALS</subfield>
   <subfield code="e">20080603</subfield>
   <subfield code="h">Αλφαβητική σειρά</subfield>
   <subfield code="p">60669</subfield>
   <subfield code="q">60669</subfield>
   <subfield code="t">NOLOAN</subfield>
   <subfield code="v">vol.36;no.4:(Εποχή)Winter;(Έτος)2007</subfield>
   <subfield code="y">23</subfield>
  </datafield>
  <datafield tag="856" ind1="4" ind2="1">
   <subfield code="u">http://onlinelibrary.wiley.com/journal/10.1111/%28ISSN%291755-053X/issues</subfield>
  </datafield>
  <datafield tag="900" ind1=" " ind2=" ">
   <subfield code="a">Vol. 37 no. 1 (Spring 2008)</subfield>
   <subfield code="b">Οφειλόμενο</subfield>
   <subfield code="c">07/09/2009</subfield>
  </datafield>
  <datafield tag="950" ind1=" " ind2=" ">
   <subfield code="a">01/03/2002</subfield>
   <subfield code="c">SWETS INFORMATION SERVICES</subfield>
   <subfield code="d">251</subfield>
  </datafield>
  <datafield tag="951" ind1=" " ind2=" ">
   <subfield code="a">Vol. 36 no. 1 (Spring 2007) - Vol. 36 no. 4 (Winter 2007)</subfield>
   <subfield code="b">Main run</subfield>
  </datafield>
  <datafield tag="951" ind1=" " ind2=" ">
   <subfield code="a">Vol. 16 no. 1 (Spring 1987) -  (Vol. 16 no. 3 (Autumn 1987)</subfield>
   <subfield code="b">Main run</subfield>
  </datafield>
  <datafield tag="951" ind1=" " ind2=" ">
   <subfield code="a">Vol. 17 no. 1 (Spring 1988) -  (Vol. 17 no. 4 (Winter 1988)</subfield>
   <subfield code="b">Main run</subfield>
  </datafield>
  <datafield tag="951" ind1=" " ind2=" ">
   <subfield code="a">Vol. 18 no. 1 (Spring 1989) -  (Vol. 18 no. 4 (Winter 1989)</subfield>
   <subfield code="b">Main run</subfield>
  </datafield>
  <datafield tag="951" ind1=" " ind2=" ">
   <subfield code="a">Vol. 19 no. 1 (Spring 1990) -  (Vol. 19 no. 4 (Winter 1990)</subfield>
   <subfield code="b">Main run</subfield>
  </datafield>
  <datafield tag="951" ind1=" " ind2=" ">
   <subfield code="a">Vol. 20 no. 1 (Spring 1991) -  (Vol. 20 no. 4 (Winter 1991)</subfield>
   <subfield code="b">Main run</subfield>
  </datafield>
  <datafield tag="951" ind1=" " ind2=" ">
   <subfield code="a">Vol. 22 no. 3 (Autumn 1993)  ()</subfield>
   <subfield code="b">Main run</subfield>
  </datafield>
  <datafield tag="951" ind1=" " ind2=" ">
   <subfield code="a">Vol. 25 no. 4 (Winter 1996)</subfield>
   <subfield code="b">Main run</subfield>
  </datafield>
  <datafield tag="951" ind1=" " ind2=" ">
   <subfield code="a">Vol. 27 no. 1 (Spring 1998) -  (Vol. 27 no. 4 (Winter 1998)</subfield>
   <subfield code="b">Main run</subfield>
  </datafield>
  <datafield tag="951" ind1=" " ind2=" ">
   <subfield code="a">Vol. 28 no. 1 (Spring 1999) -  (Vol. 28 no. 4 (Winter 1999)</subfield>
   <subfield code="b">Main run</subfield>
  </datafield>
  <datafield tag="951" ind1=" " ind2=" ">
   <subfield code="a">Vol. 31 no. 1 (Spring 2002) - Vol. 33 no. 4 (Winter 2004)</subfield>
   <subfield code="b">Main run</subfield>
  </datafield>
  <datafield tag="951" ind1=" " ind2=" ">
   <subfield code="a">Vol. 32 no. 1 (Spring 2003) -  (Vol. 32 no. 4 (Winter 2003)</subfield>
   <subfield code="b">Main run</subfield>
  </datafield>
  <datafield tag="951" ind1=" " ind2=" ">
   <subfield code="a">Vol. 33 no. 1 (Spring 2004) -  (Vol. 33 no. 4 (Winter 2004)</subfield>
   <subfield code="b">Main run</subfield>
  </datafield>
  <datafield tag="951" ind1=" " ind2=" ">
   <subfield code="a">Vol. 34 no. 1 (Spring 2005) - Vol. 35 no. 4 (Winter 2006)</subfield>
   <subfield code="b">Main run</subfield>
  </datafield>
  <datafield tag="952" ind1=" " ind2=" ">
   <subfield code="a">18(3)1989 20(3)1991 21(1-4)1992 22(1,2,4)1993 25(1-3)1996</subfield>
  </datafield>
 </record>
</collection>
